000
00219 a2200097 4500
000
nam a22 7a 4500
005
20260302115054.0
100
_a
MacInnes, Martin
_9
1120613
245
_a
In Ascension
942
_c
TEXL
999
_c
1684857
_d
1684857